Hard World Geography By Letter A - Picture Quiz - Statistics

General Stats
  • This quiz has been taken 397 times
  • The average score is 7 of 18
Answer Stats
Picture Hint Answer % Correct
(pre-Euro currency) {Andaman} Islands
57%
(cemetery) Arlington
56%
(ski resotr town) Aspen
55%
(capital city) Ajaccio
53%
(region) Aaland
52%
(archipelago) Aleutian Islands
52%
(city) Anaheim
51%
(football stadium) Anfield
51%
(plant) Artichoke
50%
(region) Abkhazia
40%
{Arkhangelsk} Oblast
35%
(town) Austerlitz
23%
(body of water) Alboran Sea
22%
(body of water) Arafura Sea
22%
Cave of {Altamira}
18%
(cultural region) Acadia
9%
(emirate) Ajman
8%
(language family) Athabascan
3%
No matching quizzes found
Score Distribution
Percent of People with Each Score
Percentile by Number Answered
Your Score History
You have not taken this quiz